Normal view MARC view
  • Robinson, Douglas,

Entry Personal Name

Number of records used in: 1

001 - CONTROL NUMBER

  • control field: 39246

003 - CONTROL NUMBER IDENTIFIER

  • control field: OSt

005 - DATE AND TIME OF LATEST TRANSACTION

  • control field: 20160203122312.0

008 - FIXED-LENGTH DATA ELEMENTS

  • fixed length control field: 160203|| aca||aabn | a|a d

040 ## - CATALOGING SOURCE

  • Original cataloging agency: OSt

100 1# - HEADING--PERSONAL NAME

  • Personal name: Robinson, Douglas,
  • Dates associated with a name: 1954-

400 1# - SEE FROM TRACING--PERSONAL NAME

  • Personal name: Robinson, Doug,
  • Dates associated with a name: 1954-